000 00557 a2200205 4500
001 110171
020 _a9780133126051
041 _apor
082 _aP Year 3 500
100 _aAspen-Baxter, Linda
300 _a205 p
697 _aScience - Study and teaching.
700 _aAspen-Baxter, Linda [et.al.]
856 _u000018/00001899.jpg
040 _aBR-BrIDEA
_cBR-BrIDEA
090 _aP Year 3 500
_bASP
245 1 0 _aPearson science 3
_bSaskatchewan edition
_cLinda Aspen-Baxter et al
260 _a[S.l.]
_bPearson Canada
_c2013
942 _cBK
999 _c110171
_d110171